00329nam a22001097a 4500082001000000100002100010245007300031260003600104300001900140650003700159700002300196 a621.3 aZarayat, Sehrish aFrequency Limited Model Order Reduction Technique /cSehrish Zarayat aIslamabad :bMCS - NUST,c2017. a43 p. ;c30cm. aElectrical Engineering-MS-Thesis aDr. Muhammad Imran